China's economy 2009 /

Bibliographic Details
Corporate Author: Institute of Economic Research of Renmin University of China, (Author)
Format: eBook
Language:English
Published: Singapore : Enrich Professional Publishing, 2011.
Series:Enrich Annual Economic Review Series
Subjects:
Online Access:Click to View
LEADER 02061nam a2200469 i 4500
001 EBC3238178
003 MiAaPQ
005 20200520144314.0
006 m o d |
007 cr cnu||||||||
008 140721t20112011si a ob 001 0 eng d
020 |z 9789814298674 
020 |a 9789814298681  |q (electronic bk.) 
020 |a 9789814298698  |q (electronic bk.) 
020 |a 9789814332101  |q (electronic bk.) 
035 |a (MiAaPQ)EBC3238178 
035 |a (Au-PeEL)EBL3238178 
035 |a (CaPaEBR)ebr10616905 
035 |a (CaONFJC)MIL484806 
035 |a (OCoLC)842885817 
040 |a MiAaPQ  |b eng  |e rda  |e pn  |c MiAaPQ  |d MiAaPQ 
043 |a a-cc--- 
050 4 |a HC427.95  |b .C456 2011 
082 0 |a 330.951  |2 23 
110 2 |a Institute of Economic Research of Renmin University of China,  |e author. 
245 1 0 |a China's economy 2009 /  |c The Institute of Economic Research of Renmin University of China. 
264 1 |a Singapore :  |b Enrich Professional Publishing,  |c 2011. 
264 4 |c 2011 
300 |a 1 online resource (314 pages) :  |b illustrations, graphs. 
336 |a text  |2 rdacontent 
337 |a computer  |2 rdamedia 
338 |a online resource  |2 rdacarrier 
490 0 |a Enrich Annual Economic Review Series 
504 |a Includes bibliographical references and index. 
588 |a Description based on online resource; title from PDF title page (ebrary, viewed July 19, 2014). 
590 |a Electronic reproduction. Ann Arbor, MI : ProQuest, 2015. Available via World Wide Web. Access may be limited to ProQuest affiliated libraries. 
651 0 |a China  |x Economic conditions  |y 2000- 
651 0 |a China  |x Economic policy  |y 2000- 
655 4 |a Electronic books. 
776 0 8 |i Print version:  |a Institute of Economic Research of Renmin University of China.  |t China's economy 2009.  |d Singapore : Enrich Professional Publishing, c2011   |h vi, 306 pages   |k Enrich Annual Economic Review Series   |z 9789814298674 
797 2 |a ProQuest (Firm) 
856 4 0 |u https://ebookcentral.proquest.com/lib/matrademy/detail.action?docID=3238178  |z Click to View